000 01011nam a2200217Ii 4500
003 JO-AjNU
008 230605s9999||||xx |||||||||||||| ||und||
017 _a2004/11/2791
040 _aJO-AjNU
_bara
_erda
_cJO-AjNU
041 _aara
050 1 4 _aJQ1825.J62.T37.2005
100 3 _a الطراونة ، فايز ،اشراف محمد المصالحة ,
_eauthor
_950020
245 0 0 _aالدبلوماسية التفاوضية في التجربة الأردنية ( من واشنطن إلى وادي عربة )
250 _a(د،ط)
264 3 1 _aعمان : مركز الدراسات البرلمانية ، 2005
300 _a409ص
336 _atext
_btxt
_2rdacontent
337 _aunmediated
_bn
_2rdamedia
338 _avolume
_bnc
_2rdacarrier
650 4 _aالمفاوضات الدبلوماسية في النزاعات القومية -- اتفاقية السلام بين الاردن واسرائيل (1994) --الاردن --علاقات خارجية -- اسرائيل -- معاهدات
_950021
999 _aA22007
_c25575
_d25575